Où est ce ? (2 ) - Statistiques

Statistiques générales
  • Ce quiz a été pris 216 fois
  • Le résultat moyen est 20 sur 34
Statistiques - réponses
Pays Sites naturels % Correct
Egypte Les pyramides de Gizeh
100%
Grèce Le Parthénon
94%
Inde Le Taj Mahal
93%
Israël Le mur des lamentations
92%
Etats-Unis La statue de la liberté
88%
Italie La chapelle Sixtine
85%
Etats-Unis Le Mont Rushmore
81%
Brésil Le Christ rédempteur
80%
Belgique Le Manneken Pis
79%
Pérou Le Machu Picchu
79%
Chine La Cité interdite
76%
Italie La place Saint-Marc
75%
France Le lion de Belfort
73%
Cambodge Le temple d'Angkor Vat
69%
Royaume-Uni Le cromlech de Stonehenge
69%
Autriche Le château de Schönbrunn
67%
Maroc La Mosquée Hassan II
61%
Turquie La basilique Sainte-Sophie
59%
Mexique La pyramide du soleil
54%
Chili Les statues de l'île de Pâques
53%
Espagne Le pont d'Alcantara
48%
Pays-Bas Le stadhuis de Gouda
46%
Japon Le torii de Miyajima
44%
Thaïlande Le temple du Bouddha d'émeraude
43%
Iran Le tombeau de Darius ( Naqsh-e Rostam )
42%
Italie Le mausolée d'Hadrien
39%
Allemagne La porta nigra de Trèves
30%
Danemark L'église de Grundtvig
29%
Birmanie La pagode d'or
27%
Canada Le château Frontenac
25%
Norvège Les églises en bois debout
18%
Bosnie-Herzégovine Le Pont de Mostar
14%
France Les Alyscamps
13%
Inde Les cavernes d'Ajantâ
11%
Aucun quiz correspondant
Distribution des résultats
% des personnes avec chaque résultat
Percentile par nombre de réponses
Votre historique - résultats
Vous n’avez pas pris ce quiz